000 00662nam a22002177a 4500
003 UA-OsUOA
001 64263
007 ta
008 20091103b un ||||| |||| 00| 0 ukr d
090 _a94(477)(091)
_bИ99
942 _cBK
040 _aUA-OsUOA
_bukr
_cUA-OsUOA
_dUA-OsUOA
245 _aІсторія України в документах, матеріалах і спогадах очевидців
_bМетодичні рекомендації
300 _a316 с.
955 _a2
041 _aukr
080 _a94(477)(091)
260 _aК.
_c1991
650 7 _a9 Географія. Біографії. Історія
_2UDC
999 _c350375
_d350375